Top 50 NBA players based on SPG and BPG - Statistics

General Stats
  • This quiz has been taken 14 times
  • The average score is 16 of 50
Answer Stats
Hint Steals per game Blocks per game Average Answer % Correct
Spurs 1.4 3.0 2.2 David Robinson
85%
Rockets 1.7 3.1 2.4 Hakeem Olajuwon
85%
Spurs 1.2 3.7 2.45 Victor Wembanyama
77%
Jazz 0.4 3.5 1.95 Mark Eaton
69%
Bulls 2.3 0.8 1.55 Michael Jordan
69%
Spurs 0.7 2.2 1.45 Tim Duncan
69%
Knicks 1.0 2.4 1.7 Patrick Ewing
62%
Lakers 0.6 2.3 1.45 Shaquille O'Neal
62%
Lakers 1.3 2.3 1.8 Anthony Davis
54%
Nuggets 0.4 2.8 1.6 Dikembe Mutombo
54%
Bulls 2.0 0.8 1.4 Scottie Pippen
54%
Cavaliers 0.8 2.9 1.85 Elmore Smith
46%
Bullets 1.0 2.0 1.5 Elvin Hayes
46%
76ers 0.9 1.6 1.25 Joel Embiid
46%
Jazz 2.2 0.2 1.2 John Stockton
46%
Hawks 1.2 1.9 1.55 Josh Smith
46%
76ers 2.0 1.7 1.85 Julius Erving
46%
Heat 0.5 2.8 1.65 Alonzo Mourning
38%
Magic 0.9 1.8 1.35 Dwight Howard
38%
Warriors 0.5 2.5 1.5 George Johnson
38%
Bullets 0.2 3.3 1.75 Manute Bol
38%
Mavarics 0.6 2.5 1.55 Shawn Bradley
38%
Hawks 0.4 2.2 1.3 Tree Rollins
38%
Jazz 1.4 1.8 1.6 Andrei Kirilenko
31%
Pistons 1.3 2.0 1.65 Ben Wallace
31%
Heat 0.5 2.2 1.35 Hassan Whiteside
31%
Cavaliers 0.9 2.2 1.55 Larry Nance
31%
Nuggets 2.4 1.0 1.7 Marcus Camby
31%
Bulls 0.6 2.4 1.5 Artis Gilmore
23%
Trail Blazers 2.0 0.7 1.35 Clyde Drexler
23%
Celtics 1.7 0.8 1.25 Larry Bird
23%
Jazz 0.7 2.1 1.4 Rudy Gobert
23%
Trail Blazers 0.8 2.2 1.5 Bill Walton
15%
Clippers 0.9 1.7 1.3 Elton Brand
15%
Nuggets 1.5 0.4 1.25 Fat Lever
15%
Warriors 1.0 1.6 1.3 Joe Barry Carroll
15%
Pacers 0.7 2.2 1.45 Myles Turner
15%
Warriors 2.0 0.5 1.25 Rick Barry
15%
Bucks 0.6 1.9 1.25 Brook Lopez
8%
Lakers 0.9 2.6 1.75 Kareem Abdul-Jabar
8%
Knicks 0.7 1.8 1.25 Kristaps Porziņģis
8%
76ers 2.1 0.3 1.2 Maurice Cheeks
8%
Knicks 2.6 0.4 1.5 Michael Ray Richardson
8%
Rockets 0.9 1.6 1.25 Ralph Sampson
8%
Cavaliers 1.7 0.7 1.2 Ron Harper
8%
76ers 0.5 2.4 1.45 Theo Ratliff
8%
Spurs 2.7 0.4 1.55 Alvin Roberson
0%
Clippers 0.6 2.0 1.3 Benoit Benjamin
0%
Hawks 0.3 2.3 1.3 Mookie Blaylook
0%
Supersonics 2.2 0.3 1.25 Slick Watts
0%
No matching quizzes found
Score Distribution
Percent of People with Each Score
Percentile by Number Answered
Your Score History
You have not taken this quiz